The Great Fear of 1789 : Rural Panic in Revolutionary France /
blank
| Clasificación: | Libro Electrónico |
|---|---|
| Autor principal: | |
| Formato: | Electrónico eBook |
| Idioma: | Inglés Francés |
| Publicado: |
Baltimore, Maryland :
Project Muse,
2014
|
| Colección: | Princeton legacy library.
Book collections on Project MUSE. |
| Temas: | |
| Acceso en línea: | Texto completo |
MARC
| LEADER | 00000cam a22000004a 4500 | ||
|---|---|---|---|
| 001 | musev2_33702 | ||
| 003 | MdBmJHUP | ||
| 005 | 20230905043542.0 | ||
| 006 | m o d | ||
| 007 | cr||||||||nn|n | ||
| 008 | 140829r20142014nju o 00 0 eng d | ||
| 020 | |a 9781400855797 | ||
| 020 | |z 1400855799 | ||
| 020 | |z 9780691641522 | ||
| 020 | |z 0691613826 | ||
| 035 | |a (OCoLC)899261301 | ||
| 040 | |a MdBmJHUP |c MdBmJHUP | ||
| 041 | 1 | |a eng |h fre | |
| 043 | |a e-fr--- | ||
| 050 | 4 | |a DC163 |b .L413 2014 | |
| 082 | 0 | |a 944.041 | |
| 100 | 1 | |a Lefebvre, Georges, |d 1874-1959, |e author. | |
| 240 | 1 | 0 | |a Grande peur de 1789. |l English |
| 245 | 1 | 4 | |a The Great Fear of 1789 : |b Rural Panic in Revolutionary France / |c Georges Lefebvre ; introduction by George Rude ; translated from the French by Joan White. |
| 264 | 1 | |a Baltimore, Maryland : |b Project Muse, |c 2014 | |
| 264 | 3 | |a Baltimore, Md. : |b Project MUSE, |c 2015 | |
| 264 | 4 | |c ©2014 | |
| 300 | |a 1 online resource (250 pages): |b maps. | ||
| 336 | |a text |b txt |2 rdacontent | ||
| 337 | |a computer |b c |2 rdamedia | ||
| 338 | |a online resource |b cr |2 rdacarrier | ||
| 490 | 0 | |a Princeton legacy library. | |
| 500 | |a Reprint. Originally published in 1982. | ||
| 500 | |a Translation of La grande peur de 1789. | ||
| 500 | |a Issued as part of book collections on Project MUSE. | ||
| 504 | |a Includes bibliographical references (pages 217-224) and index. | ||
| 505 | 0 | |a Introduction to the English edition by George Rude -- Foreword -- Glossary -- The countryside in 1789 -- Hunger -- The wanderers -- The riots -- The beginnings of the revolution and the first peasant revolts -- The people in arms and the first outbreaks of fear -- The "Aristocrats' plot" -- Paris and the idea of conspiracy -- How the news was spread -- The reaction to the 'plot' in the provinces. I : The towns -- The reaction to the 'plot' in the provinces. II : The countryside -- The peasant revolts -- The fear of brigands -- The great fear -- Characteristics of the great fear -- The original panics -- How the panics spread -- The warning panics -- The relays -- The currents of the great fear -- The later fears -- The consequences of the great fear -- Conclusion -- Appendix -- Bibliographical notes -- Index of place names. | |
| 506 | |a Access restricted to authorized users and institutions. | ||
| 520 | |a blank | ||
| 588 | |a Description based on print version record. | ||
| 650 | 0 | |a Depressions. | |
| 650 | 0 | |a Peasants |z France. | |
| 651 | 0 | |a France |x Economic conditions. | |
| 651 | 0 | |a France |x History |y Revolution, 1789-1799 |x Causes. | |
| 651 | 0 | |a France |x History |y Revolution, 1789-1799. | |
| 655 | 7 | |a Electronic books. |2 local | |
| 700 | 1 | |a Rude, George F. E., |e writer of introduction. | |
| 710 | 2 | |a Project Muse, |e distributor. | |
| 776 | 1 | 8 | |i Print version: |z 9780691613826 |
| 710 | 2 | |a Project Muse. |e distributor | |
| 830 | 0 | |a Princeton legacy library. | |
| 830 | 0 | |a Book collections on Project MUSE. | |
| 856 | 4 | 0 | |z Texto completo |u https://projectmuse.uam.elogim.com/book/33702/ |
| 945 | |a Project MUSE - Custom Collection | ||


